000 00398nam a2200157Ia 4500
008 230711s9999||||xx |||||||||||||| ||und||
041 _aENG
082 _a621.381
_bFL-E
100 _aFloyd,Thomas L
245 0 _aElectric circuit : electronic flow
250 _a1st Ed.
260 _c1983
_aNew Delhi
_bMerrill Publication Co,
300 _a748
650 _aElectronics Engineering
942 _cBK
999 _c2858
_d2858